| 000 | 00417nam a2200169Ia 4500 | ||
|---|---|---|---|
| 008 | 231217s9999 xx 000 0 und d | ||
| 020 | _a8178814609 | ||
| 041 | _aEnglish | ||
| 082 | _a658.4012 GOP;1 R | ||
| 100 | _aGopal, V V ed. | ||
| 245 | 0 | _aScenario planning in business strategy | |
| 250 | _a1st ed. | ||
| 260 |
_c2005 _bICFAI Press _aHyderabad |
||
| 300 | _avii, 156 | ||
| 650 | _aICFAI | ||
| 942 | _cAA | ||
| 999 |
_c181417 _d181417 |
||